| 000 | 00924nam a2200253Ia 4500 | ||
|---|---|---|---|
| 005 | 20250108124845.0 | ||
| 008 | 008 250107s9999 xx 000 0 hin d | ||
| 020 | _a978-81-935996-0-0 | ||
| 037 | _aTB | ||
| 040 |
_aCRL _bhin _cCRL |
||
| 041 |
_abeh _2hin |
||
| 084 | _aO152,3NMU,FR R4 | ||
| 084 | _qCRL | ||
| 100 | _aघोष, शिशिर कुमार, ले. | ||
| 245 | 0 |
_aरवीन्द्रनाथ ठाकुर _cघोष, शिशिर कुमार, ले. |
|
| 260 |
_aनई दिल्ली, भारत _bसाहित्य अकादेमी _c2459 |
||
| 300 | _a104पृ0 | ||
| 365 |
_aINR _b199 |
||
| 490 | _aHkkjrh; lkfgR; ds fuekZrk | ||
| 546 | _aTranslation from Bengali ti Hindi | ||
| 650 |
_aबंगाली कहानीबंगाली साहित्य _9729733 |
||
| 942 |
_cTB _hO152,3NMU,FR R4 |
||
| 999 |
_c1234847 _d1234847 |
||